000
00303nam a2200121Ia 4500
008
191201s2011 xx 000 0 und d
100
_a
PATEL, R.B.
245
0
_a
Theory of Automata and Formal Languages
260
_a
N. Delhi
_b
Umesh Pub
_c
2011
300
_a
440
650
_a
B.Tech(IT)
942
_2
ddc
_c
BK
999
_c
6372
_d
6372